| 000 | 00761nam a2200265Ia 4500 | ||
|---|---|---|---|
| 003 | OSt | ||
| 005 | 20220924115808.0 | ||
| 006 | a|||||r|||| 00| 0 | ||
| 007 | ta | ||
| 008 | 220923b |||||||| |||| 00| 0 urd d | ||
| 020 | _a9788182238664 (hbk) | ||
| 020 | _c200 | ||
| 024 | _a285848 | ||
| 037 |
_b4309, 19/11/2014, Kitabi Duniya _cTextual |
||
| 040 |
_aARTS _cARTS _burd |
||
| 041 |
_2urd _aurd |
||
| 082 | _aP168v, Q4 | ||
| 100 |
_aRahman Azimur _9179613 |
||
| 245 | 0 | _aKitab ul arooz | |
| 260 |
_aDelhi _bEducational Publishing House India _c2011 |
||
| 300 |
_a169p. _ccm. |
||
| 650 | _aURDU LANGUAGE - HISTORY | ||
| 942 |
_hP168v, Q4 _cTEXL _2CC |
||
| 999 |
_c399921 _d399921 |
||